Graham Potter's Last West Ham Starting 11 - Statistics

General Stats
  • This quiz has been taken 9 times
  • The average score is 9 of 11
Answer Stats
Position Answer % Correct
GK Alphonse Areola
100%
RW Jarrod Bowen
100%
LB Malick Diouf
100%
LCB Max Kilman
100%
LW Crysencio Summerville
89%
RCB Konstantinos Mavropanos
89%
AM Lucas Paquetá
89%
ST Callum Wilson
67%
RB Kyle Walker-Peters
67%
DM Mateus Fernandes
67%
DM James Ward-Prowse
56%
No matching quizzes found
Score Distribution
Percent of People with Each Score
Percentile by Number Answered
Your Score History
You have not taken this quiz